| 000 | 01743nam0a22003251 4500 | ||
|---|---|---|---|
| 001 | rc\4298461 | ||
| 005 | 20250411135413.0 | ||
| 021 |
_aRU _b[62-55996] |
||
| 035 | _a(NLR Aleph) 008500393 | ||
| 090 |
_a8105323 _c8105323 |
||
| 100 | _a20130416d1962 |||y0rusy50 ca | ||
| 101 | 0 | _arus | |
| 102 | _aRU | ||
| 105 | _ay z ||||| | ||
| 200 | 1 |
_aВ помощь работе библиотек по эстетическому воспитанию _eСборник статей _f[Ред. Ю.С. Зубов и Н.Е. Добрынина] _gМ-во культуры РСФСР. Гос. ордена Ленина б-ка СССР им. В.И. Ленина |
|
| 210 |
_aМосква _cБ. и. _d1962 |
||
| 215 |
_a144 с. _d22 |
||
| 320 | _aВ помощь эстет. воспитанию читателей. Краткий список метод. материалов / Сост. Л.Ю. Руманова и М.Д. Елецкая: с. 141-143 | ||
| 606 |
_aБиблиотеки _xРабота с художественной литературой _jСборники _2psbo |
||
| 606 |
_aЭстетическое воспитание _jМатериалы для библиотек _jСборники _2psbo |
||
| 606 |
_aБиблиотеки _xРабота с литературой по искусству _jСборники _2psbo |
||
| 702 | 1 |
_aДобрынина _bН. Е. _4340 |
|
| 702 | 1 |
_aЗубов _bЮ. С. _f1924-2006 _gЮрий Сергеевич _3RU\NLR\AUTH\770279263 _4340 |
|
| 712 | 0 | 2 |
_aГосударственная библиотека СССР им. В. И. Ленина _3RU\NLR\AUTH\8814673 |
| 801 | 0 |
_aRU _bNLR _gpsbo |
|
| 801 | 1 |
_aRU _bELAR _2rusmarc |
|
| 852 |
_aNLR _jБ 8255/В119 |
||
| 942 | _cBOOK | ||
| 980 | _aNB | ||